[Event "XII Weekend A"]
[Site "Porto Sant'Elpidio ITA"]
[Date "2009.11.28"]
[Round "4"]
[White "Briffault, Philippe"]
[Black "Guglielmi, Dante"]
[Result "0-1"]
[WhiteElo "1930"]
[BlackElo "1918"]
[PlyCount "134"]
[EventDate "2009.11.21"]

1. d4 d5 2. Nf3 Nf6 3. c4 e6 4. Nc3 Be7 5. Bg5 O-O 6. e3 c6 7. Rc1 Nbd7 8. Bd3
dxc4 9. Bxc4 b5 10. Bd3 a6 11. O-O c5 12. Qe2 cxd4 13. Nxd4 Bb7 14. Rfd1 Qb6
15. Bb1 b4 16. Ne4 h6 17. Bh4 Rac8 18. h3 Rfe8 19. Rxc8 Rxc8 20. Nb3 Kf8 21.
Nxf6 Nxf6 22. Nd4 Qc5 23. Bd3 Qd5 24. f4 Qxa2 25. e4 Qa5 26. e5 Nd5 27. Bxe7+
Nxe7 28. f5 Qb6 29. Qe3 exf5 30. e6 Rd8 31. Bc4 Bd5 32. Bxd5 Rxd5 33. exf7 Kxf7
34. Kh1 Qd6 35. Rd2 Qe5 36. Qf2 f4 37. Kg1 Qe3 38. Kf1 Qxf2+ 39. Kxf2 Nf5 40.
Nb3 Rxd2+ 41. Nxd2 Nd4 42. Ne4 a5 43. Nc5 Ke7 44. Nd3 g5 45. g3 fxg3+ 46. Kxg3
Nc2 47. Kg4 Kf6 48. h4 gxh4 49. Kxh4 a4 50. Kh5 Kg7 51. Nc5 a3 52. bxa3 bxa3
53. Nb3 a2 54. Kg4 Kg6 55. Kh4 h5 56. Kg3 Kg5 57. Kh3 h4 58. Kg2 Kg4 59. Kh2
a1=Q 60. Nxa1 Nxa1 61. Kg2 Nc2 62. Kh2 Ne3 63. Kg1 Kg3 64. Kh1 Ng4 65. Kg1 Nf2
66. Kf1 h3 67. Kg1 h2+ 0-1

[Event "XII Weekend A"]
[Site "Porto Sant'Elpidio ITA"]
[Date "2009.11.28"]
[Round "4"]
[White "Silvestri, Giorgio"]
[Black "Rinaudo, Sergio"]
[Result "0-1"]
[WhiteElo "1805"]
[BlackElo "2121"]
[PlyCount "102"]
[EventDate "2009.11.21"]

1. d4 d5 2. c4 dxc4 3. Nf3 Nf6 4. Nc3 a6 5. a4 e6 6. e4 c5 7. Bxc4 cxd4 8. Qxd4
Qxd4 9. Nxd4 Bb4 10. f3 O-O 11. Nb3 Bd7 12. a5 Rc8 13. Be2 Rxc3 14. bxc3 Bxc3+
15. Bd2 Bxa1 16. Nxa1 Ba4 17. Kf2 Nc6 18. Rb1 Rd8 19. Bc3 Rd7 20. Nb3 Bxb3 21.
Rxb3 Rc7 22. Ke3 Nd7 23. f4 Nc5 24. Rb1 f6 25. g4 Kf7 26. g5 Na4 27. Bd2 fxg5
28. fxg5 e5 29. Bc4+ Kg6 30. Bd5 Kxg5 31. Rf1 Kg6 32. Rg1+ Kf6 33. Be1 g6 34.
Bh4+ Kg7 35. Bg3 Nc3 36. Rc1 Nb5 37. Rf1 Nbd4 38. Rc1 Re7 39. Bh4 Re8 40. Rb1
Nxa5 41. Bg3 Ndc6 42. Rb6 Re7 43. Bh4 Rd7 44. Bg3 Kf6 45. Bh4+ g5 46. Bg3 Rxd5
47. exd5 Nc4+ 48. Ke4 Nxb6 49. dxc6 bxc6 50. Bxe5+ Ke6 51. Bd4 Nd5 0-1

[Event "XII Weekend A"]
[Site "Porto Sant'Elpidio ITA"]
[Date "2009.11.29"]
[Round "5"]
[White "Faini, Marco"]
[Black "Santurbano, Maria Vincenza"]
[Result "1-0"]
[WhiteElo "1913"]
[BlackElo "1970"]
[PlyCount "105"]
[EventDate "2009.11.21"]

1. c4 e5 2. Nc3 Nf6 3. g3 Bc5 4. Bg2 c6 5. e3 O-O 6. Nge2 d5 7. cxd5 cxd5 8. d4
exd4 9. Nxd4 Bxd4 10. Qxd4 Nc6 11. Qd1 d4 12. Bxc6 bxc6 13. Qxd4 Qc7 14. f3 Re8
15. Kf2 Ba6 16. Qf4 Qb6 17. Qd4 c5 18. Qa4 Bb7 19. Rd1 Bc6 20. Qc2 Qb7 21. e4
Rab8 22. b3 Qc8 23. Bf4 Qh3 24. Kg1 Rbc8 25. Qg2 Qe6 26. Rd6 Qe7 27. Rad1 h6
28. g4 Red8 29. Rxd8+ Rxd8 30. Rxd8+ Qxd8 31. Qd2 Qc8 32. Qd6 Bb7 33. Qb8 g5
34. Qxc8+ Bxc8 35. Bd6 Nd7 36. Na4 f6 37. Nxc5 Nb6 38. Bc7 Kf7 39. Bxb6 axb6
40. Na4 b5 41. Nc3 Bd7 42. Kf2 Ke6 43. Ke3 Ke5 44. a4 bxa4 45. bxa4 Bc6 46. a5
Bb7 47. Nd5 Bc8 48. Nb4 Kd6 49. a6 Kc5 50. a7 Bb7 51. Nd5 Kc6 52. Nxf6 Kb6 53.
Ng8 1-0

[Event "XII Weekend A"]
[Site "Porto Sant'Elpidio ITA"]
[Date "2009.11.29"]
[Round "5"]
[White "Giobbi, Costantino"]
[Black "Briffault, Philippe"]
[Result "1/2-1/2"]
[WhiteElo "1921"]
[BlackElo "1930"]
[PlyCount "66"]
[EventDate "2009.11.21"]

1. Nf3 Nf6 2. d4 g6 3. Nc3 Bg7 4. e4 d6 5. Be2 O-O 6. h3 c6 7. O-O b5 8. e5 Ne8
9. Bg5 a6 10. Re1 Nc7 11. Bh4 Be6 12. Bf1 h6 13. exd6 Qxd6 14. Ne4 Qd8 15. Nc5
Nd7 16. Nxe6 Nxe6 17. c4 Nf6 18. Qd2 bxc4 19. Bxc4 Nd5 20. Ne5 Qb6 21. Bxd5
cxd5 22. Bxe7 Rfe8 23. Ba3 Qxd4 24. Qe3 Qxe3 25. Rxe3 d4 26. Ree1 Nf4 27. Nf3
Rxe1+ 28. Rxe1 d3 29. Rd1 Rb8 30. Rd2 Rd8 31. Ne1 Ne2+ 32. Kf1 Nf4 33. g3 Nxh3
1/2-1/2

[Event "XII Weekend A"]
[Site "Porto Sant'Elpidio ITA"]
[Date "2009.11.29"]
[Round "5"]
[White "Guglielmi, Dante"]
[Black "Rinaudo, Sergio"]
[Result "0-1"]
[WhiteElo "1918"]
[BlackElo "2121"]
[PlyCount "67"]
[EventDate "2009.11.21"]

1. c4 e5 2. Nc3 Nf6 3. g3 Bb4 4. Bg2 O-O 5. e3 c6 6. d4 d6 7. Nge2 Be6 8. d5
cxd5 9. cxd5 Bf5 10. O-O Na6 11. e4 Bg6 12. a3 Bc5 13. h3 Nd7 14. Kh2 f5 15. f4
fxe4 16. Nxe4 Bxe4 17. Bxe4 Nf6 18. Bg2 Nc7 19. b4 Bb6 20. fxe5 dxe5 21. d6
Nce8 22. Bxb7 Rb8 23. Bg2 Nxd6 24. Qb3+ Kh8 25. Bb2 Qe7 26. Nc3 Rbc8 27. Nd5
Qe6 28. Qd1 Nc4 29. Nxf6 Ne3 30. Qd7 Nxf1+ 31. Rxf1 Rxf6 32. Qxe6 Rxe6 33. Rf7
Rd8 34. a4 0-1

[Event "XII Weekend A"]
[Site "Porto Sant'Elpidio ITA"]
[Date "2009.11.29"]
[Round "6"]
[White "Guglielmi, Dante"]
[Black "Faini, Marco"]
[Result "1/2-1/2"]
[WhiteElo "1918"]
[BlackElo "1913"]
[PlyCount "92"]
[EventDate "2009.11.21"]

1. c4 Nf6 2. Nc3 g6 3. g3 Bg7 4. Bg2 c6 5. e3 d6 6. Nge2 e5 7. O-O Be6 8. Qb3
Qb6 9. d4 Qxb3 10. axb3 Bd7 11. b4 Na6 12. b5 Nc7 13. b3 exd4 14. Nxd4 d5 15.
Ba3 Bf8 16. e4 dxe4 17. Nxe4 Nxe4 18. Bxe4 Bg7 19. Rad1 Bxd4 20. Rxd4 O-O-O 21.
Rfd1 Rhe8 22. bxc6 Bxc6 23. Bxc6 bxc6 24. Kf1 Rxd4 25. Rxd4 Rd8 26. Bc5 Rxd4
27. Bxd4 a6 28. Ke2 f5 29. Kf3 Ne6 30. Bf6 Kd7 31. Be5 Ke7 32. Ke3 Kd7 33. b4
Ke7 34. Kd3 Kd7 35. f3 Kc8 36. g4 Kd7 37. h4 h5 38. gxh5 gxh5 39. Kc3 Kc8 40.
Kb3 Kb7 41. Ka4 Kb6 42. Bg3 Kb7 43. b5 axb5+ 44. cxb5 cxb5+ 45. Kxb5 Nd4+ 46.
Kc5 Nxf3 1/2-1/2

[Event "XII Weekend A"]
[Site "Porto Sant'Elpidio ITA"]
[Date "2009.11.29"]
[Round "6"]
[White "Marconi, Luca"]
[Black "Silvestri, Giorgio"]
[Result "1-0"]
[WhiteElo "1815"]
[BlackElo "1805"]
[PlyCount "85"]
[EventDate "2009.11.21"]

1. d4 Nf6 2. c4 g6 3. Nc3 Bg7 4. Nf3 d6 5. e3 O-O 6. Be2 c6 7. O-O Qc7 8. b3 e5
9. Bb2 Bg4 10. h3 Bxf3 11. Bxf3 Nbd7 12. Qc2 Rfe8 13. Rfd1 Rac8 14. Rac1 h5 15.
a3 exd4 16. exd4 Nh7 17. Ne4 f5 18. Nd2 Ndf6 19. b4 Re7 20. Qb3 Rce8 21. d5 Ng5
22. Bxf6 Bxf6 23. c5 Kg7 24. Nc4 Nxf3+ 25. Qxf3 Re2 26. dxc6 bxc6 27. cxd6 Qd7
28. Ne3 Ra2 29. Rxc6 Kh6 30. Qd5 Rxa3 31. Rdc1 Bh4 32. Nc4 Bxf2+ 33. Kxf2 Ra2+
34. Nd2 Ra3 35. Rc7 Qd8 36. Qf7 Qh4+ 37. Kf1 Qf4+ 38. Kg1 Qxd2 39. Qxe8 Ra2 40.
Qc6 Qe3+ 41. Kh1 Re2 42. Qc3 Qg5 43. Qg7# 1-0

[Event "XII Weekend A"]
[Site "Porto Sant'Elpidio ITA"]
[Date "2009.11.29"]
[Round "6"]
[White "Rinaudo, Sergio"]
[Black "Giobbi, Costantino"]
[Result "1/2-1/2"]
[WhiteElo "2121"]
[BlackElo "1921"]
[PlyCount "49"]
[EventDate "2009.11.21"]

1. d4 d5 2. Nf3 Nf6 3. e3 e6 4. Bd3 Be7 5. O-O O-O 6. Ne5 c5 7. c3 Nc6 8. f4
Ne4 9. Nd2 f5 10. Ndf3 Bd7 11. Nxc6 bxc6 12. Ne5 Be8 13. g4 Bd6 14. g5 Bxe5 15.
dxe5 Qb6 16. c4 Rd8 17. Qc2 Bh5 18. b3 Rd7 19. cxd5 cxd5 20. Bxe4 fxe4 21. Ba3
Rc8 22. Rfe1 Bf3 23. Rac1 Rdc7 24. Bb2 g6 25. Qd2 1/2-1/2

[Event "XII Weekend A"]
[Site "Porto Sant'Elpidio ITA"]
[Date "2009.11.29"]
[Round "6"]
[White "Santurbano, Maria Vincenza"]
[Black "Briffault, Philippe"]
[Result "1-0"]
[WhiteElo "1970"]
[BlackElo "1930"]
[PlyCount "177"]
[EventDate "2009.11.21"]

1. e4 Nf6 2. e5 Nd5 3. Bc4 c6 4. Qf3 e6 5. d4 d6 6. Nh3 dxe5 7. dxe5 Nd7 8. Qh5
Qc7 9. f4 Bc5 10. Ng5 Nf8 11. Nc3 Nxc3 12. bxc3 Ng6 13. Bd3 Qe7 14. g3 Bd7 15.
Ne4 O-O-O 16. Qe2 f6 17. Be3 Bxe3 18. Qxe3 Kb8 19. Rb1 Bc8 20. Nd6 fxe5 21.
Nxc8 Rxc8 22. fxe5 Rhf8 23. Rb4 Qc7 24. Ba6 Qxe5 25. Rxb7+ Ka8 26. Rxa7+ Kb8
27. Rb7+ Ka8 28. Qxe5 Nxe5 29. Rxg7 Rcd8 30. Ke2 Rf7 31. Rxf7 Nxf7 32. Bd3 h6
33. Rf1 Rd7 34. g4 Kb7 35. Rf6 Re7 36. h4 Kc7 37. Bg6 Ne5 38. Bh5 Rg7 39. Rxe6
Nxg4 40. Bxg4 Rxg4 41. Rxh6 Ra4 42. Kd3 Rxa2 43. Rg6 Ra1 44. h5 Rh1 45. h6 Rh4
46. Rg7+ Kd6 47. h7 Ke5 48. Re7+ Kd6 49. Ra7 Ke5 50. Rg7 c5 51. Rg4 Rxh7 52.
Kc4 Rh2 53. Rg5+ Kd6 54. Rd5+ Kc6 55. Rxc5+ Kb6 56. Rb5+ Kc6 57. Rb2 Rh4+ 58.
Kb3 Kc5 59. Ra2 Rh3 60. Ra5+ Kb6 61. Rd5 Kc6 62. Rd2 Kb5 63. Rg2 Rh5 64. Rf2
Kc5 65. Rf4 Kb5 66. c4+ Kc5 67. c3 Rg5 68. Rf8 Rh5 69. Rc8+ Kb6 70. Kb4 Rh4 71.
Rf8 Kc6 72. Rf6+ Kc7 73. Kb5 Rh1 74. Rf7+ Kc8 75. c5 Rh6 76. c6 Rh1 77. c4 Rb1+
78. Kc5 Rh1 79. Re7 Kd8 80. Rg7 Rb1 81. c7+ Kc8 82. Kc6 Rb6+ 83. Kc5 Rh6 84.
Kb5 Rh1 85. c5 Rb1+ 86. Kc4 Rd1 87. Rh7 Rc1+ 88. Kd5 Rd1+ 89. Kc6 1-0

[Event "XII Weekend B"]
[Site "Porto Sant'Elpidio ITA"]
[Date "2009.11.21"]
[Round "1"]
[White "Bertini, Nazzareno"]
[Black "Ragnini, Damiano"]
[Result "1-0"]
[WhiteElo "1708"]
[BlackElo "1791"]
[PlyCount "74"]
[EventDate "2009.11.21"]

1. e4 c5 2. Nf3 Nc6 3. c3 d6 4. d4 cxd4 5. cxd4 Bg4 6. Be3 a6 7. h3 Bh5 8. Nc3
e6 9. Rc1 Be7 10. d5 Ne5 11. Be2 Nxf3+ 12. Bxf3 Bxf3 13. gxf3 e5 14. Qa4+ Qd7
15. Rg1 g6 16. Qxd7+ Kxd7 17. f4 f6 18. fxe5 fxe5 19. f4 Bf6 20. Na4 Ke8 21.
Nb6 Rb8 22. Rc7 exf4 23. Bxf4 Bd8 24. Bxd6 Bxc7 25. Bxc7 Rd8 26. e5 Ne7 27.
Bxd8 Kxd8 28. d6 Nc8 29. Nxc8 Kxc8 30. Kd2 Kd7 31. Kd3 Ke6 32. Ke4 Rc8 33. Rd1
Kd7 34. Kd5 Rd8 35. Rc1 h5 36. Rc7+ Ke8 37. Rxb7 Rc8 1-0

[Event "XII Weekend B"]
[Site "Porto Sant'Elpidio ITA"]
[Date "2009.11.21"]
[Round "1"]
[White "Binci, Filippo"]
[Black "Maggiore, Francesco"]
[Result "1-0"]
[WhiteElo "1793"]
[BlackElo "1723"]
[PlyCount "73"]
[EventDate "2009.11.21"]

1. c4 e5 2. g3 Nf6 3. Bg2 Nc6 4. Nc3 Bc5 5. d3 O-O 6. Nf3 d5 7. cxd5 Nxd5 8.
O-O Qd6 9. Ne4 Qe7 10. Nxc5 Qxc5 11. Nxe5 Nxe5 12. d4 Qc6 13. dxe5 Rd8 14. e4
Be6 15. exd5 Bxd5 16. Bxd5 Rxd5 17. Qf3 Rxe5 18. Qxc6 bxc6 19. Bf4 Re2 20. Rfc1
Rxb2 21. Rxc6 Rb7 22. a4 Rab8 23. Kg2 Kf8 24. Bxc7 Ra8 25. a5 a6 26. Rac1 Ke8
27. Rb6 Rba7 28. Be5 Kd7 29. Bxg7 Rc7 30. Rxc7+ Kxc7 31. Rf6 Kb7 32. Rxf7+ Kc6
33. Bd4 Kb5 34. Bb6 h6 35. Rh7 Kc4 36. Rxh6 Kb5 37. h4 1-0

[Event "XII Weekend B"]
[Site "Porto Sant'Elpidio ITA"]
[Date "2009.11.21"]
[Round "1"]
[White "Gasparroni, Daniele"]
[Black "Morelli, Basilio"]
[Result "0-1"]
[WhiteElo "1760"]
[BlackElo "1539"]
[PlyCount "56"]
[EventDate "2009.11.21"]

1. d4 d5 2. c4 c6 3. Nc3 e5 4. dxe5 d4 5. Ne4 Qa5+ 6. Bd2 Qxe5 7. Ng3 c5 8. Nf3
Qe6 9. e3 Nf6 10. Be2 Be7 11. exd4 cxd4 12. Nxd4 Qb6 13. Bc3 O-O 14. O-O Nc6
15. Nxc6 Qxc6 16. Rc1 Be6 17. b3 Rad8 18. Qc2 Rd7 19. Nf5 Bd8 20. Nd4 Qe4 21.
Bd3 Qh4 22. Nxe6 fxe6 23. Rce1 Bc7 24. Be5 Bxe5 25. Rxe5 Ng4 26. h3 Nxe5 27.
Qe2 Nxd3 28. Qxe6+ Rdf7 0-1

[Event "XII Weekend B"]
[Site "Porto Sant'Elpidio ITA"]
[Date "2009.11.21"]
[Round "1"]
[White "Giampieri, Stefano"]
[Black "De Angelis, Stefano"]
[Result "1/2-1/2"]
[WhiteElo "1772"]
[BlackElo "1690"]
[PlyCount "105"]
[EventDate "2009.11.21"]

1. d4 Nf6 2. c4 e6 3. Nc3 Bb4 4. Nf3 h6 5. Bd2 O-O 6. e3 d5 7. c5 b6 8. cxb6
axb6 9. Bd3 Ba6 10. Bxa6 Nxa6 11. O-O Nd7 12. a3 Be7 13. Rc1 c5 14. Re1 Nc7 15.
Qe2 c4 16. e4 Re8 17. e5 b5 18. Na2 Na6 19. Bc3 Rb8 20. Qd2 Qb6 21. Nb4 Nxb4
22. Bxb4 Bxb4 23. Qxb4 Ra8 24. Qd2 Reb8 25. Rb1 b4 26. axb4 Qxb4 27. Qxb4 Rxb4
28. Rec1 Rab8 29. Rc2 Nb6 30. Kf1 Na4 31. Ke2 Nxb2 32. Kd2 Kf8 33. Ra1 Nd3 34.
Rf1 Ke8 35. Ne1 Nb2 36. f4 Na4 37. f5 Rb2 38. g4 R8b3 39. Rf3 Rxc2+ 40. Kxc2
Rb2+ 41. Kc1 Rxh2 42. fxe6 fxe6 43. Ra3 Nb6 44. Ra6 Nc8 45. Rxe6+ Ne7 46. Nc2
Kf7 47. Rd6 Re2 48. Nb4 Re4 49. Nxd5 Rxg4 50. Rd7 Ke6 51. Rd6+ Kf7 52. Rd7 Ke6
53. Rd6+ 1/2-1/2

[Event "XII Weekend B"]
[Site "Porto Sant'Elpidio ITA"]
[Date "2009.11.21"]
[Round "1"]
[White "Olivieri, Gianni"]
[Black "Marinucci, Johnny"]
[Result "0-1"]
[WhiteElo "1529"]
[BlackElo "1754"]
[PlyCount "68"]
[EventDate "2009.11.21"]

1. d4 Nf6 2. c4 c6 3. Nf3 d5 4. Nc3 Bf5 5. e3 e6 6. cxd5 exd5 7. Bd3 Bxd3 8.
Qxd3 Nbd7 9. O-O Qe7 10. Re1 Ne4 11. Qc2 g6 12. Rf1 Bg7 13. Nd2 f5 14. a3 O-O
15. f3 Nd6 16. Re1 Bxd4 17. Nf1 Rae8 18. Bd2 Bg7 19. b3 Rf6 20. Rad1 Re6 21.
Qd3 Nf7 22. Bc1 Nfe5 23. Nxd5 cxd5 24. Qxd5 Nf6 25. Qd2 Nc6 26. Re2 Rd8 27. Qc2
Rxd1 28. Qxd1 Rd6 29. Rd2 Rxd2 30. Qxd2 Qd7 31. Qc2 Ne5 32. Bd2 Qc6 33. Qb2 Nd5
34. b4 Nxf3+ 0-1

[Event "XII Weekend B"]
[Site "Porto Sant'Elpidio ITA"]
[Date "2009.11.22"]
[Round "2"]
[White "Bonoli, Luciano"]
[Black "De Angelis, Stefano"]
[Result "1-0"]
[WhiteElo "1766"]
[BlackElo "1690"]
[PlyCount "151"]
[EventDate "2009.11.21"]

1. c4 Nf6 2. g3 e5 3. Nc3 c6 4. Bg2 Bb4 5. a3 Ba5 6. b4 Bc7 7. Bb2 O-O 8. Qc2
d5 9. cxd5 cxd5 10. Rc1 Be6 11. Nb5 Bb6 12. Nc7 Bxc7 13. Qxc7 Qxc7 14. Rxc7 Nc6
15. Nf3 Rab8 16. Nxe5 Rfc8 17. Rxc8+ Rxc8 18. Nd3 Ne4 19. f3 Nd6 20. O-O Nc4
21. Bc1 Nd4 22. Re1 Nc2 23. Rd1 N4xa3 24. Bxa3 Nxa3 25. Nc5 b6 26. Nd3 Nc4 27.
f4 g6 28. Kf2 Kf8 29. h3 Ke7 30. g4 Kd6 31. b5 Na5 32. Ne5 f6 33. Nf3 Rc2 34.
Nd4 Rc5 35. d3 Bd7 36. Rb1 Rc3 37. Bf1 Kc5 38. e3 Nb7 39. Nf3 Na5 40. d4+ Kd6
41. g5 fxg5 42. Nxg5 h5 43. h4 Nc4 44. Bxc4 Rxc4 45. Nf7+ Ke7 46. Ne5 Rc2+ 47.
Kg3 Bf5 48. Ra1 Rc7 49. Rxa7 Rxa7 50. Nc6+ Kd7 51. Nxa7 Kc7 52. Nc6 Bd7 53. Ne5
Kd6 54. Nxg6 Bxb5 55. f5 Be8 56. Ne5 b5 57. Nd3 Ke7 58. Nb4 Bf7 59. Kf4 Kf6 60.
Nd3 Be8 61. Nb4 Bf7 62. e4 dxe4 63. Kxe4 Bg8 64. Kf4 Bf7 65. d5 Be8 66. d6 Bf7
67. Ke3 Be8 68. Nd5+ Kf7 69. Ke4 Bc6 70. Kd4 Bd7 71. Nb6 Bxf5 72. Ke5 Bg4 73.
Kd4 Ke6 74. Kc5 Bh3 75. Kc6 Bg2+ 76. Kc7 1-0

[Event "XII Weekend B"]
[Site "Porto Sant'Elpidio ITA"]
[Date "2009.11.22"]
[Round "2"]
[White "Faini, Ivano"]
[Black "Giampieri, Stefano"]
[Result "0-1"]
[WhiteElo "1718"]
[BlackElo "1772"]
[PlyCount "102"]
[EventDate "2009.11.21"]

1. c4 e5 2. g3 Nc6 3. Bg2 Bc5 4. e3 Nf6 5. Nc3 O-O 6. Nge2 Re8 7. d3 d6 8. h3
Bf5 9. a3 a5 10. O-O Qd7 11. Kh2 h5 12. Nd5 Nxd5 13. cxd5 Ne7 14. e4 Bg6 15. f4
f6 16. f5 Bf7 17. Bf3 Rec8 18. g4 hxg4 19. Bxg4 c6 20. Ng3 cxd5 21. Bh5 Nc6 22.
Bxf7+ Qxf7 23. Qg4 Kf8 24. Nh5 dxe4 25. dxe4 Ke7 26. Rf3 Rh8 27. Ng3 Nd4 28.
Rc3 Rac8 29. Be3 Nb3 30. Re1 Bd4 31. Bxd4 Nxd4 32. Rec1 Rc6 33. Rxc6 bxc6 34.
Rc3 Rb8 35. b3 Rxb3 36. Rxb3 Nxb3 37. Qe2 Nc5 38. Qd2 a4 39. Qa5 Qa2+ 40. Kg1
Qxa3 41. Qa8 Qxg3+ 42. Kf1 Qxh3+ 43. Kg1 a3 44. Qa7+ Nd7 45. Qa4 Qe3+ 46. Kh1
Qc3 47. Qa8 Qc1+ 48. Kh2 Qb2+ 49. Kh3 a2 50. Qh8 a1=Q 51. Qxg7+ Kd8 0-1

[Event "XII Weekend B"]
[Site "Porto Sant'Elpidio ITA"]
[Date "2009.11.22"]
[Round "2"]
[White "Maggiore, Francesco"]
[Black "Gasparroni, Daniele"]
[Result "0-1"]
[WhiteElo "1723"]
[BlackElo "1760"]
[PlyCount "62"]
[EventDate "2009.11.21"]

1. e4 c5 2. Nf3 Nc6 3. d4 cxd4 4. Nxd4 e6 5. Nc3 a6 6. Bc4 Qc7 7. Nxc6 bxc6 8.
O-O d5 9. exd5 cxd5 10. Be2 Bd6 11. h3 Ne7 12. Be3 Nf5 13. Qd3 O-O 14. Bd2 Bb7
15. Bg4 Nh4 16. g3 Ng6 17. a3 Qc6 18. Bf3 Ne5 19. Qe3 Nxf3+ 20. Qxf3 e5 21.
Rfd1 e4 22. Qe3 d4 23. Qxd4 e3 24. Qd5 exf2+ 25. Kxf2 Bc5+ 26. Ke2 Rfe8+ 27.
Be3 Rxe3+ 28. Kd2 Qxd5+ 29. Nxd5 Bxd5 30. b4 Bb6 31. Rdc1 Rd8 0-1

[Event "XII Weekend B"]
[Site "Porto Sant'Elpidio ITA"]
[Date "2009.11.22"]
[Round "2"]
[White "Marchetti, Michael"]
[Black "Binci, Luca"]
[Result "0-1"]
[WhiteElo "1723"]
[BlackElo "1650"]
[PlyCount "34"]
[EventDate "2009.11.21"]

1. d4 Nf6 2. c4 g6 3. Nc3 Bg7 4. e4 d6 5. Be3 O-O 6. Bd3 e5 7. f3 Nh5 8. Nge2
f5 9. O-O f4 10. Bf2 g5 11. Kh1 g4 12. d5 g3 13. Bg1 Rf6 14. h3 Rg6 15. Re1 Qh4
16. Nxf4 Nxf4 17. Be3 Nxh3 0-1

[Event "XII Weekend B"]
[Site "Porto Sant'Elpidio ITA"]
[Date "2009.11.22"]
[Round "2"]
[White "Marinucci, Johnny"]
[Black "Bertini, Nazzareno"]
[Result "1-0"]
[WhiteElo "1754"]
[BlackElo "1708"]
[PlyCount "111"]
[EventDate "2009.11.21"]

1. d4 e6 2. Bf4 d5 3. e3 c5 4. c3 Nc6 5. Nd2 cxd4 6. exd4 Bd6 7. Bg3 Bxg3 8.
hxg3 Nf6 9. Bd3 h6 10. f4 Qc7 11. Ngf3 Ng4 12. Qe2 Bd7 13. Nh4 Nf6 14. Nhf3
O-O-O 15. Ne5 Rhf8 16. O-O h5 17. Ndf3 Ng4 18. Nxg4 hxg4 19. Ne5 f5 20. Nxc6
Qxc6 21. Qe5 Rg8 22. Kf2 Qc7 23. Qxc7+ Kxc7 24. Rh1 Rh8 25. Ke3 Kd6 26. Rh4
Rxh4 27. gxh4 Ke7 28. g3 g6 29. Rc1 Rc8 30. c4 dxc4 31. Rxc4 Rxc4 32. Bxc4 b5
33. Bf1 Kd6 34. b4 Bc6 35. Bd3 a6 36. Kd2 Kc7 37. Kc3 Kb6 38. a3 Be4 39. Bf1
Kc6 40. Kd2 Kd5 41. Ke3 Bb1 42. Be2 Ba2 43. Bd3 Bc4 44. Bc2 Bf1 45. a4 Kc4 46.
axb5 axb5 47. Bb1 Kxb4 48. d5 exd5 49. Kd4 Kb3 50. Bxf5 b4 51. Bxg6 Ka2 52. h5
b3 53. h6 b2 54. h7 b1=Q 55. Bxb1+ Kxb1 56. h8=Q 1-0

[Event "XII Weekend B"]
[Site "Porto Sant'Elpidio ITA"]
[Date "2009.11.22"]
[Round "2"]
[White "Morelli, Basilio"]
[Black "Binci, Filippo"]
[Result "0-1"]
[WhiteElo "1539"]
[BlackElo "1793"]
[PlyCount "94"]
[EventDate "2009.11.21"]

1. d4 Nf6 2. c4 e6 3. Nc3 Bb4 4. Bf4 O-O 5. e3 d5 6. a3 Bxc3+ 7. bxc3 Nc6 8.
Bd3 Re8 9. Ne2 e5 10. Bg5 dxc4 11. Bxc4 Qd6 12. O-O Bf5 13. Ng3 Bg6 14. f4 exf4
15. Bxf4 Qd7 16. Bg5 Na5 17. Ba2 Nd5 18. Qd2 b5 19. Rae1 Nb6 20. e4 Nac4 21.
Bxc4 Nxc4 22. Qa2 h6 23. Bf4 Re7 24. a4 Rae8 25. e5 a6 26. axb5 axb5 27. Ne4
Bxe4 28. Rxe4 c5 29. Qf2 cxd4 30. cxd4 Qd5 31. Rfe1 f6 32. Qg3 f5 33. R4e2
Qxd4+ 34. Be3 Nxe3 35. Qxe3 Qxe3+ 36. Rxe3 Kf7 37. Kf2 g5 38. g3 Kg6 39. h3 h5
40. Kf3 b4 41. h4 g4+ 42. Kf4 Rd8 43. e6 Kf6 44. R3e2 Rd4+ 45. Ke3 Re4+ 46. Kd3
R7xe6 47. Re3 Rxe3+ 0-1

[Event "XII Weekend B"]
[Site "Porto Sant'Elpidio ITA"]
[Date "2009.11.22"]
[Round "2"]
[White "Ragnini, Damiano"]
[Black "Mircoli, Filippo"]
[Result "1/2-1/2"]
[WhiteElo "1791"]
[BlackElo "1746"]
[PlyCount "98"]
[EventDate "2009.11.21"]

1. d4 e6 2. e4 c5 3. c3 cxd4 4. cxd4 Nc6 5. Nf3 d6 6. Bd3 Nf6 7. O-O Be7 8. Nc3
O-O 9. a3 a6 10. Bd2 b5 11. b4 Bb7 12. Re1 Rc8 13. Ne2 d5 14. e5 Ne4 15. Bf4 h6
16. Ng3 Nxg3 17. Bxg3 Qb6 18. Rc1 a5 19. bxa5 Nxa5 20. Rb1 Nc4 21. a4 b4 22.
Qb3 Qa5 23. Ra1 Ba6 24. Red1 Rc7 25. Bf4 Rfc8 26. h3 g5 27. Be3 Nxe3 28. Bxa6
Rc3 29. Qb1 Qxa6 30. fxe3 Rxe3 31. Rd2 Rcc3 32. Nh2 Re2 33. Qd1 Rxd2 34. Qxd2
Rd3 35. Qe2 Qc4 36. Nf3 Rc3 37. Ra2 Qxe2 38. Rxe2 Ra3 39. Nd2 Rxa4 40. Nb3 Ra8
41. g4 Ra3 42. Rb2 Kf8 43. Kf2 Ke8 44. Ke2 Kd7 45. Nc5+ Kc6 46. Rxb4 Rxh3 47.
Rb8 Kc7 48. Rb7+ Kd8 49. Rb8+ Kc7 1/2-1/2

[Event "XII Weekend B"]
[Site "Porto Sant'Elpidio ITA"]
[Date "2009.11.22"]
[Round "3"]
[White "Bertini, Nazzareno"]
[Black "Olivieri, Gianni"]
[Result "1-0"]
[WhiteElo "1708"]
[BlackElo "1529"]
[PlyCount "68"]
[EventDate "2009.11.21"]

1. e4 d6 2. d4 g6 3. Bd3 Bg7 4. c3 Nf6 5. Ne2 O-O 6. Nd2 c5 7. O-O cxd4 8. cxd4
Nc6 9. Nb3 e5 10. d5 Ne7 11. Bg5 Nh5 12. Qd2 f5 13. Bh6 Bxh6 14. Qxh6 fxe4 15.
Bxe4 Bf5 16. Nc3 Bxe4 17. Nxe4 Nf5 18. Qg5 Nf6 19. Nxf6+ Qxf6 20. Qxf6 Rxf6 21.
Rac1 Rf7 22. Nd2 Nd4 23. Rfe1 Raf8 24. Ne4 b6 25. f3 Nf5 26. Rc6 Rd8 27. Kf2
Kg7 28. Ng5 Nd4 29. Nxf7 Nxc6 30. Nxd8 Nxd8 31. Rc1 Kf6 32. Rc8 Nf7 33. Rc7 a5
34. Rb7 Ng5 1-0

[Event "XII Weekend B"]
[Site "Porto Sant'Elpidio ITA"]
[Date "2009.11.22"]
[Round "3"]
[White "Binci, Filippo"]
[Black "Marinucci, Johnny"]
[Result "1-0"]
[WhiteElo "1793"]
[BlackElo "1754"]
[PlyCount "103"]
[EventDate "2009.11.21"]

1. c4 e5 2. g3 Nc6 3. Bg2 g6 4. Nc3 Bg7 5. e4 d6 6. d3 h6 7. Nge2 f5 8. O-O Nf6
9. f4 O-O 10. h3 Ne7 11. Be3 Nh7 12. Qd2 exf4 13. gxf4 Nc6 14. Rf3 Be6 15. Rg3
Qf6 16. Kh2 Bf7 17. Rg1 Rfe8 18. b3 Nf8 19. d4 Kh7 20. d5 Ne7 21. Bd4 Qh4 22.
Bxg7 Kxg7 23. e5 dxe5 24. fxe5 Rad8 25. Nd4 Kh7 26. Nf3 Qh5 27. Ne2 g5 28. Bf1
Ne6 29. Nfd4 Rg8 30. Qc3 Nxd4 31. Nxd4 Qh4 32. Nf3 Qf4 33. Qd4 Qxd4 34. Nxd4 f4
35. Bd3+ Bg6 36. Bxg6+ Rxg6 37. Rf3 a6 38. h4 Rh8 39. Ne6 Nf5 40. hxg5 hxg5 41.
Rh3+ Kg8 42. Rxh8+ Kxh8 43. Rxg5 Rh6+ 44. Kg2 Nh4+ 45. Kf2 Ng6 46. Nxc7 Rh2+
47. Kg1 Rh6 48. d6 Nf8 49. e6 Nxe6 50. Nxe6 Rxe6 51. d7 Re1+ 52. Kf2 1-0

[Event "XII Weekend B"]
[Site "Porto Sant'Elpidio ITA"]
[Date "2009.11.22"]
[Round "3"]
[White "Binci, Luca"]
[Black "Morelli, Basilio"]
[Result "1/2-1/2"]
[WhiteElo "1650"]
[BlackElo "1539"]
[PlyCount "54"]
[EventDate "2009.11.21"]

1. d4 d5 2. c4 c6 3. Nf3 Bf5 4. Nc3 e6 5. e3 Be7 6. cxd5 exd5 7. Be2 Nf6 8. O-O
O-O 9. a3 Nbd7 10. b4 b5 11. Ne5 Qc7 12. Nxd7 Qxd7 13. Re1 Bd6 14. Bf1 Rfe8 15.
Bd2 Ng4 16. g3 Re6 17. Bg2 Rae8 18. Ra2 Qc7 19. Bc1 h5 20. Rae2 h4 21. e4 dxe4
22. Nxe4 Bxe4 23. Bxe4 hxg3 24. hxg3 Nf6 25. Bg2 Rxe2 26. Rxe2 Rxe2 27. Qxe2
Qd7 1/2-1/2

[Event "XII Weekend B"]
[Site "Porto Sant'Elpidio ITA"]
[Date "2009.11.22"]
[Round "3"]
[White "De Angelis, Stefano"]
[Black "Marchetti, Michael"]
[Result "1-0"]
[WhiteElo "1690"]
[BlackElo "1723"]
[PlyCount "107"]
[EventDate "2009.11.21"]

1. e4 c5 2. Nf3 d6 3. d4 cxd4 4. Nxd4 Nf6 5. Nc3 Nc6 6. Bb5 Bd7 7. O-O a6 8.
Nxc6 Bxc6 9. Bxc6+ bxc6 10. b3 e6 11. Bb2 d5 12. Qe2 Qc7 13. Rad1 Be7 14. Rfe1
O-O 15. Rd3 Bd6 16. e5 Bxe5 17. Qxe5 Qxe5 18. Rxe5 Rfb8 19. f3 c5 20. Na4 Nd7
21. Re2 c4 22. Rd1 Rb7 23. Bd4 cxb3 24. axb3 Rb4 25. Bc3 Rb5 26. Kf2 Rc8 27.
Be1 Nc5 28. Nxc5 Rbxc5 29. c3 Kf8 30. Ra2 R5c6 31. Rda1 Ra8 32. Ke3 Ke7 33. Kd4
Kd6 34. Bg3+ Kd7 35. Ra5 Rb6 36. b4 Kc8 37. Rc5+ Kd7 38. Rc7+ Ke8 39. Ra5 Rb5
40. Rc5 Rxa5 41. Rxa5 f6 42. Be1 Kd7 43. b5 Kc7 44. Kc5 Kb7 45. Rxa6 Rxa6 46.
bxa6+ Kxa6 47. Kd6 Kb5 48. Kxe6 Kc4 49. Bf2 Kxc3 50. Kxd5 Kd2 51. Bc5 Ke2 52.
Ke4 g6 53. Kf4 h6 54. Kg3 1-0